000 00564nam a22002055i 4500
001 67597
003 ES-MaACL
005 20230906170118.0
007 t|
008 040607s1995 sp ||||0| spa d
020 _a84-210-0490-5
040 _aM-BN
_bspa
_cM-BN
080 _a821.134.2-34"19"
100 1 _aEmpaytaz de Croome, Dionisia.
_9144064
245 1 0 _aCuentos, fábulas y demás poemas /
_cDionisia Empaytaz.
250 _a1ª ed.
260 _aBarcelona :
_bBalmes,
_c1995.
300 _a186 p. ;
_c22 cm.
852 _aES-MaACL
_jL-27841
_bR.133533
999 _c67597
_d67597